002350000a220007300045001000019000002450067000193000053000867730022001391 aBaarda, Tjitze10a"Tí épi diójomai" in Gal. 5:11. Apodosis or parenthesis? aVol. 34, Num. 3 (Julio, 1992), Páginas 250-2560 tNovum Testamentum